[Event "Syre Memorial op 33th"]
[Site "Issy les Moulineaux"]
[Date "2010.05.15"]
[Round "3"]
[White "Isetta, Andre"]
[Black "Silva, Francis"]
[Result "0-1"]
[WhiteElo "1907"]
[BlackElo "2134"]
[PlyCount "40"]
[EventDate "2010.05.13"]
[EventType "swiss"]
[EventRounds "6"]
[EventCountry "FRA"]
[SourceTitle "EXT 2011"]
[Source "ChessBase"]
[SourceDate "2010.11.26"]
[SourceVersion "1"]
[SourceVersionDate "2010.11.26"]
[SourceQuality "1"]

1. e4 e6 2. d4 d5 3. Nc3 Bb4 4. e5 c5 5. a3 Bxc3+ 6. bxc3 Qc7 7. Qg4 f5 8. Qg3 cxd4 9. cxd4 Ne7 10. Bd3 Qc3+ 11. Ke2 Qxa1 12. Qxg7 Rg8 13. Qxh7 Nbc6 14. Qh5+ Kd7 15. g3 Qxd4 16. Nf3 Qg4 17. Qxg4 fxg4 18. Nh4 Nxe5 19. Bb5+ N7c6 20. Bb2 a6 0-1

[Event "Syre Memorial op 33th"]
[Site "Issy les Moulineaux"]
[Date "2010.05.14"]
[Round "1"]
[White "Guliyev, Namig"]
[Black "Silva, Francis"]
[Result "1-0"]
[WhiteElo "2533"]
[BlackElo "2134"]
[PlyCount "59"]
[EventDate "2010.05.13"]
[EventType "swiss"]
[EventRounds "6"]
[EventCountry "FRA"]
[SourceTitle "EXT 2011"]
[Source "ChessBase"]
[SourceDate "2010.11.26"]
[SourceVersion "1"]
[SourceVersionDate "2010.11.26"]
[SourceQuality "1"]

1. e4 e6 2. d4 d5 3. Nc3 Nf6 4. e5 Nfd7 5. f4 c5 6. Nf3 Nc6 7. Be3 a6 8. Qd2 b5 9. dxc5 Nxc5 10. Qf2 Nd7 11. Bd3 g6 12. 0-0-0 Bb7 13. Kb1 Rc8 14. h4 Nb4 15. h5 Nxd3 16. cxd3 Rg8 17. Ne2 b4 18. Ned4 a5 19. Ng5 gxh5 20. Nxh7 Be7 21. Rxh5 Rh8 22. f5 Nxe5 23. fxe6 f6 24. Rxe5 Rxh7 25. Qf5 Qd6 26. Qxh7 fxe5 27. Qg8+ Bf8 28. Qf7+ Kd8 29. Bg5+ Be7 30. Nf5 1-0

[Event "FRA-ch U18"]
[Site "Troyes"]
[Date "2010.04.12"]
[Round "3"]
[White "Silva, Francis"]
[Black "Grandadam, Nicolas"]
[Result "1/2-1/2"]
[WhiteElo "2064"]
[BlackElo "2232"]
[PlyCount "58"]
[EventDate "2010.04.11"]
[EventType "swiss"]
[EventRounds "9"]
[EventCountry "FRA"]
[SourceTitle "EXT 2012"]
[Source "ChessBase"]
[SourceDate "2011.11.24"]
[SourceVersion "1"]
[SourceVersionDate "2011.11.24"]
[SourceQuality "1"]

1. d4 Nf6 2. c4 g6 3. Nc3 Bg7 4. e4 d6 5. Nf3 0-0 6. Be2 Nbd7 7. 0-0 e5 8. dxe5 dxe5 9. Qc2 c6 10. Rd1 Qe7 11. a3 Nh5 12. b4 Nf4 13. Bf1 Ne6 14. Bb2 b6 15. a4 Nd4 16. Nxd4 exd4 17. Ne2 c5 18. bxc5 bxc5 19. Nf4 Bb7 20. Nd5 Qd6 21. Rab1 f5 22. Bxd4 cxd4 23. Rxb7 Ne5 24. Rxg7+ Kxg7 25. exf5 Rxf5 26. Rxd4 Re8 27. f4 Nc6 28. Re4 Qc5+ 29. Qf2 Qxf2+ 1/2-1/2

[Event "FRA-chT1A 0809"]
[Site "France"]
[Date "2008.12.14"]
[Round "5.5"]
[White "Marino, Olivier"]
[Black "Silva, Francis"]
[Result "1-0"]
[WhiteElo "2114"]
[BlackElo "2032"]
[PlyCount "67"]
[EventDate "2008.10.19"]
[EventType "tourn"]
[EventRounds "11"]
[EventCountry "FRA"]
[SourceTitle "EXT 2010"]
[Source "ChessBase"]
[SourceDate "2010.11.25"]
[SourceVersion "1"]
[SourceVersionDate "2010.11.25"]
[SourceQuality "1"]
[WhiteTeam "Cannes II"]
[BlackTeam "Noisy le Grand"]
[WhiteTeamCountry "FRA"]
[BlackTeamCountry "FRA"]

1. e4 e6 2. d4 d5 3. Nc3 Bb4 4. e5 c5 5. a3 Bxc3+ 6. bxc3 Qc7 7. Nf3 b6 8. h4 Ba6 9. Bxa6 Nxa6 10. h5 h6 11. Bd2 Ne7 12. Nh4 Rc8 13. Rc1 cxd4 14. cxd4 Qc4 15. Qg4 Rh7 16. Rh3 Qa4 17. c3 Nc5 18. f4 Ne4 19. f5 Qd7 20. Rf3 exf5 21. Nxf5 Nxf5 22. Rxf5 Qe6 23. Qf3 Nd6 24. Rf4 Nc4 25. Kd1 Rc7 26. Ra1 Qc6 27. a4 Nb2+ 28. Kc2 Nxa4 29. e6 f6 30. Qd3 Rh8 31. Qg6+ Kf8 32. Rxf6+ gxf6 33. Rf1 Rg7 34. e7+ 1-0

[Event "Paris-ch op-A"]
[Site "Paris"]
[Date "2008.07.04"]
[Round "7"]
[White "Silva, Francis"]
[Black "Pozdnjakov, Evgueniy"]
[Result "0-1"]
[WhiteElo "2009"]
[BlackElo "2244"]
[PlyCount "164"]
[EventDate "2008.06.28"]
[EventType "swiss"]
[EventRounds "9"]
[EventCountry "FRA"]
[SourceTitle "CBM 125 Extra"]
[Source "ChessBase"]
[SourceDate "2008.09.01"]
[SourceVersion "1"]
[SourceVersionDate "2008.09.01"]
[SourceQuality "1"]

1. d4 d5 2. c4 c6 3. Nf3 Nf6 4. Nc3 a6 5. a4 e6 6. Bf4 Bb4 7. Bd2 0-0 8. e3 Nbd7 9. Bd3 Qe7 10. 0-0 dxc4 11. Bxc4 e5 12. Qc2 Bd6 13. Bd3 Re8 14. Ng5 h6 15. Nge4 Bc7 16. Ng3 Nf8 17. dxe5 Bxe5 18. Nce2 Nd5 19. Nd4 Nb4 20. Ndf5 Nxc2 21. Nxe7+ Rxe7 22. Bxc2 Bxb2 23. Rab1 Be5 24. Bb4 Re8 25. a5 Ne6 26. Ne4 g5 27. Bd6 Bg7 28. Bg3 Nd8 29. Nd6 Re7 30. Nc4 b5 31. Nb6 Bb7 32. Rbd1 Ne6 33. Nxa8 Bxa8 34. Bf5 Bb7 35. Bd6 Re8 36. Bxe6 fxe6 37. Bc5 Bc3 38. Rd7 Bc8 39. Rc7 Bxa5 40. Rxc6 Bb7 41. Rd6 Rc8 42. Bb6 Bc3 43. Bd4 Bxd4 44. exd4 Bd5 45. Rxa6 b4 46. Rb6 b3 47. Rb1 Rc2 48. g3 Rd2 49. Rb4 Kf7 50. Kf1 Kf6 51. Ke1 Rd3 52. Ke2 Rc3 53. Kd2 Rf3 54. Ke2 Kf5 55. Rb2 Kg4 56. Rb6 Kf5 57. Rb4 h5 58. Rb8 Ke4 59. Rb4 h4 60. Rb8 Bc4+ 61. Kd2 Kxd4 62. Rd8+ Bd5 63. Ke2 Ke4 64. Rc8 hxg3 65. hxg3 g4 66. Rc1 Kd4 67. Rd2+ Ke4 68. Rb2 Rf7 69. Rc3 Rb7 70. Rc1 Rb4 71. Rc3 Kd4 72. Rc1 Bc4+ 73. Kd2 Rb5 74. Rc3 Rb7 75. Re3 e5 76. Kc1 e4 77. Rd2+ Bd3 78. Kb2 Kc4 79. Re1 Ra7 80. Rc1+ Kb4 81. Rcd1 Ra2+ 82. Kc1 Kc3 0-1

[Event "Champigny sur Marne op 6th"]
[Site "Champigny sur Marne"]
[Date "2006.02.19"]
[Round "5"]
[White "Lesueur, Christophe"]
[Black "Silva, Francis"]
[Result "0-1"]
[WhiteElo "1340"]
[BlackElo "1740"]
[PlyCount "100"]
[EventDate "2006.02.16"]
[EventType "swiss"]
[EventRounds "6"]
[EventCountry "FRA"]
[SourceTitle "EXT 2007"]
[Source "ChessBase"]
[SourceDate "2006.11.23"]
[SourceVersion "1"]
[SourceVersionDate "2006.11.23"]
[SourceQuality "1"]

1. e4 e6 2. d4 d5 3. exd5 exd5 4. Nf3 Bg4 5. Be2 Nf6 6. Bg5 h6 7. Bxf6 Qxf6 8. c3 c6 9. Ne5 Bxe2 10. Qxe2 Be7 11. Nd2 0-0 12. 0-0 Bd6 13. Ndf3 Qe7 14. Rae1 Re8 15. Qe3 Qc7 16. Qd2 Nd7 17. Ng4 Nb6 18. Nxh6+ gxh6 19. Qxh6 Bf8 20. Qh5 Qd6 21. Ng5 Qg6 22. Qxg6+ fxg6 23. Ne6 Bd6 24. f4 Nc4 25. f5 Nd2 26. Rf2 Ne4 27. Rf3 gxf5 28. Nf4 Nd2 29. Rg3+ Kf7 30. Rxe8 Rxe8 31. Rh3 Re1+ 32. Kf2 Rf1+ 33. Ke2 Bxf4 34. g3 Bg5 35. Rh7+ Kg6 36. Rxb7 Rb1 37. h4 Bh6 38. Rc7 Rxb2 39. Rxc6+ Kh5 40. Kd3 Nf3 41. c4 Rd2+ 42. Kc3 Rxd4 43. Kb4 Rxc4+ 44. Rxc4 dxc4 45. Kxc4 Kg4 46. a4 Kxg3 47. Kb5 Kxh4 48. Ka6 Ne5 49. Kxa7 Be3+ 50. Kb7 f4 0-1